Việt Nam hiện tại và tương lai: một phân tích chính trị
Uloženo v:
| Hlavní autor: | |
|---|---|
| Médium: | Kniha |
| Jazyk: | Undetermined |
| Tagy: |
Přidat tag
Žádné tagy, Buďte první, kdo otaguje tento záznam!
|
| Thư viện lưu trữ: | Trung tâm Học liệu Trường Đại học Cần Thơ |
|---|
| LEADER | 00419nam a2200121Ia 4500 | ||
|---|---|---|---|
| 001 | CTU_26521 | ||
| 008 | 210402s9999 xx 000 0 und d | ||
| 082 | |a 351 | ||
| 082 | |b B566 | ||
| 100 | |a Trương Thoại Bữu | ||
| 245 | 0 | |a Việt Nam hiện tại và tương lai: một phân tích chính trị | |
| 904 | |i Nguyễn Quang Điền, 981013 | ||
| 980 | |a Trung tâm Học liệu Trường Đại học Cần Thơ | ||